Statystyki dla Kogo to piosenka? Rap/Trap

Kliknij tutaj aby rozwiązać quiz!

Ogólne statystyki

  • Ten quiz został rozwiązany 431 razy
    (365 od ostatniego zresetowania)
  • Średni wynik to 20 z 38

Statystyki odpowiedzi

TytułAutor% Poprawnych
PatointeligencjaMata
99%
SexoholikŻabson
90%
Przejmujemy jutubyEKIPA x WIP Bros
86%
Płuca Zlepione TopamiGuzior
82%
BestiaYoung Igi
81%
VOGUEBedoes, Lanek
78%
Na szczycieGrubson
78%
30 km/hKali
77%
FijiTaco Hemingway
74%
BaliGedz
72%
hot coffeeschafter
72%
Dzieci DuchySzpaku
72%
NiedostępnyMalik Montana, OLEK
66%
rowerchillwagon
65%
Gucci ManeDeemz, Bedoes, Young Multi
65%
MÓWILIMalik Montana
65%
IJO IJOLipa, Szpaku
63%
JesieńQuebonafide
63%
SurferBe Vis
61%
LECI NOWY FUTURETaco Hemingway
58%
OutsideKartky
55%
Ground ZeroPRO8L3M
53%
MagentaPezet
51%
TwerkBiałas, Wac Toja, Solar
50%
BalansPaluch
45%
SkrablePRO8L3M
45%
Napad na bankietSokół, PRO8L3M
42%
WorldwideOtsochodzi
34%
KlepsydraPlanBe
28%
94Tymek, Szpaku, Kizo
26%
niemaniebaKartky
22%
Sweet DreamsZeamsone
12%
DOOKOŁA BLOKÓWKabe
8%
Drogi TatoKękę
8%
SamSmolasty, Białas
7%
ZorroSokół
7%
Pod StołemKaz Bałagane
5%
Duch CzasuBe Vis
3%

Rozkład punktacji

Percentyl według liczby udzielonych odpowiedzi

Procent ludzi z każdym wynikiem

Twoja historia wyników

Nie rozwiązałeś tego quizu od ostatniego zresetowania